000
00362nam a2200133Ia 4500
008
151001s9999||||xx |||||||||||||| ||und||
100
_a
हरी नारायण आपटे
245
_a
सूर्यग्रहण
250
_a
4
260
_b
आर्यभूषण मुद्रणालय
260
_c
1964
300
_a
12
365
_b
8.5
999
_c
953874
_d
953871